000
00238nam a22001097a 4500
999
_c
480190
_d
480190
003
NUST
008
160822t xxu||||| |||| 00| 0 eng d
038
_a
Mian Adnan
082
_a
020
245
_a
Thesis Raffia siddique
942
_2
ddc
_c
THE